000 00654nam a2200253Ia 4500
005 20260121160212.0
008 008 260114s9999 xx 000 0 eng d
020 _a9781315163512
037 _aEBOOK
040 _aCRL
040 _beng
040 _cCRL
041 _2eng
041 _aeng
084 _qCRL
100 _a Stephen Aris; Aglaya Snetkov; Andreas Wenger
_91028977
245 0 _aInter-organizational Relations in International Security
260 _bTaylor and Francis
260 _c2018
856 _uhttp://www.taylorfrancis.com/books/9781315163512
942 _cEBOOK
999 _c1595793
_d1595793